Statistics for Rocket League quiz of everything.

Click here to take the quiz!

General Stats

  • This quiz has been taken 234 times
  • The average score is 14 of 33

Answer Stats

HintAnswer% Correct
What year was Rocket League released?2015
98%
Colors on field are: blue and...orange
89%
What colors is Diamond rank?blue
88%
Most used car?Octane
87%
Gamemode with power ups?Rumble
85%
Who is the devceloper?Psyonix
79%
Highed rank in game?Grand Champion
77%
How many ties are in each ranks?4
68%
Car everybody makes fun of?Scarab
57%
Price for Rocket Pass 1? (in keys)10
54%
Map under the sea?AquaDome
51%
Very used car from 1st DLC?Dominus
50%
Whats does SARPBC mean?Supersonic Acrobatic Rocket Powered Battle Cars
49%
Well-know freestyler on YouTube?JHZER
47%
Item you only get when you report a serious bug?White Hat
46%
Who won RLCS Season 1?iBUYPOWER
43%
Best color?Titanium White
40%
8th lowest rank?Gold 1
39%
Worst color?Burnt Sienna
35%
Well-known black market, everybody knows?Heatwave
31%
What game engine uses RL?Unreal Engine 3
31%
Pro gamer who danced on a stage?Rizzo
29%
Name of special car available only on PS4?Sweet Tooth
29%
Pro gamer known by double touch?Deevo
26%
What YT channel is known for RL music?Monstercat
26%
What was the reward on 1st season?topper
17%
"Key" when you open crate, item get locked?Decryptor
15%
Octane's brother?Twinzer
13%
Name of Rocket Pass 1 third car?Maverick GXT
10%
Very rare wheels from Champions Crate 1?Chakram
8%
RL famous artist from Reddit?Shitty Watercolour
8%
Name of 1st DLC?Supersonic Fury
6%
Price of Gold Rush in keys? (in hundreds)1800
2%

Score Distribution

Percentile by Number Answered

Percent of People with Each Score

Your Score History

You have not taken this quiz